000 00571nam a22001577a 4500
003 NUST
082 _a670
100 _a Ali ,Ahsan
_916870
245 _aMODIFICATION, INTEGRATION AND TESTING OF MULTI POWDER HOPPER WITH CO-AXIAL NOZZLE FOR LASER CLADDING /
_cAhsan Ali
264 _aIslamabad:
_bSMME- NUST.
_c2021.
300 _a61p. ;
_bSoft Copy,
_c30cm.
650 _aMS Design and Manufacturing Engineering
_9119567
700 _aSupervisor : Dr. Najam ul Qadir
_9120899
856 _uhttp://10.250.8.41:8080/xmlui/handle/123456789/24362
942 _2ddc
_cTHE
999 _c608830
_d608830